• 首页
  • 本馆介绍
  • 公告通知
  • 最新文献
  • 馆藏检索
  • 电子资源
  • 读者导购
  • 参考咨询
  • 我的图书馆
  • 登录
  • 详细信息显示
  • 放入我的书架
  • 预约/预借图书
  • 作者相关作品
  • 分类相关作品
  • 丛书相关作品
  • 出版社相关作品

书目信息

  • 表格格式
  • 工作单格式
  • 卡片格式
题名:
财经法规与会计职业道德
    
 
作者: 高翠莲 主编
分册:  
出版信息: 北京   高等教育出版社  2017
页数: 286页
开本: 26cm
丛书名:
单 册:
中图分类: D922.201 , D922.290.1
科图分类:
主题词: 财政法--中国--高等教育--教材 , 经济法--中国--高等教育--教材 , 会计人员--职业道德--中国--高等教育--教材
电子资源:
ISBN: 978-7-04-047338-4
000 01191nam0 2200277 450
001 0104131185
005 20170703091258.0
010    @a978-7-04-047338-4@dCNY38.60
100    @a20170313d2017 em y0chiy0120 ea
101 0  @achi
102    @aCN@b110000
105    @aa qz 000yy
106    @ar
200 1  @a财经法规与会计职业道德@9Cai Jing Fa Gui Yu Hui;Kuai Ji Zhi Ye Dao De @f高翠莲主编@b专著
210    @a北京@c高等教育出版社@d2017
215    @a286页@c图@d26cm
300    @a普通高等教育应用型人才培养在线开放课程新形态一体化规划教材 财务会计专业“课证融合”系列教材 全国会计从业资格考试辅导教材
330    @a本书严格按照财政部会计从业资格考试大纲规定的五部分内容设计,包括:会计法律制度、结算法律制度、税收法律制度、财政法律制度和会计职业道德。全书由两部分组成:第一部分为“财经法规与会计职业道德”理论知识;第二部分为结合大纲按真题考试题型编写的五套模拟题。
606 0  @a财政法@y中国@x高等教育@j教材
606 0  @a经济法@y中国@x高等教育@j教材
606 0  @a会计人员@x职业道德@y中国@x高等教育@j教材
690    @aD922.201@v5
690    @aD922.290.1@v5
701  0 @a高翠莲@f(1965~)@4主编@9gao cui lian
801  0 @aCN@bAZmarc@c20230904
905    @aBZT@dD922@e195@f1@sD922/195
    
    财经法规与会计职业道德/高翠莲主编.-北京:高等教育出版社,2017
    286页:图;26cm
    普通高等教育应用型人才培养在线开放课程新形态一体化规划教材 财务会计专业“课证融合”系列教材 全国会计从业资格考试辅导教材
    
    ISBN 978-7-04-047338-4:CNY38.60
    本书严格按照财政部会计从业资格考试大纲规定的五部分内容设计,包括:会计法律制度、结算法律制度、税收法律制度、财政法律制度和会计职业道德。全书由两部分组成:第一部分为“财经法规与会计职业道德”理论知识;第二部分为结合大纲按真题考试题型编写的五套模拟题。
●
相关链接 在五车中查询图书 在当当中查询图书 在豆瓣中查询图书


正题名:财经法规与会计职业道德     索取号:D922/195         预约/预借

序号 登录号 条形码 馆藏地/架位号 状态 备注
1 2000007819   2000007819   旧书回溯/ [索取号:D922/195] 在馆    
山东省滨州职业学院图书馆 欢迎您!
大连网信软件有限公司© 版权所有